The civic mission in educational reform : perspectives for the public and the profession /

Bibliographic Details
Main Author: Butts, R. Freeman (Robert Freeman), 1910-
Format: Book
Language:English
Published: Stanford, Calif. : Hoover Institution Press, [1989]
Series:Hoover Press publication ; 377.
Education and society.
Subjects:

MARC

Tag First Indicator Second Indicator Subfields
LEADER 00000cam a2200000 a 4500
001 in00000785708
005 20151017061931.0
008 881019s1989 cau b 00100 eng
010 |a  88032015  
020 |a 0817987711 (alk. paper) 
020 |a 081798772X (pbk. : alk. paper) 
035 |a (OCoLC)18714850 
035 |9 ADM8011AM 
040 |a DLC  |c DLC  |d TXA  |d UtOrBLW 
043 |a n-us--- 
049 |a TXAM  |c [A12446243] 
050 0 0 |a LB1584  |b .B84 1989 
082 0 |a 370.11/5  |2 19 
100 1 |a Butts, R. Freeman  |q (Robert Freeman),  |d 1910- 
245 1 4 |a The civic mission in educational reform :  |b perspectives for the public and the profession /  |c R. Freeman Butts. 
264 1 |a Stanford, Calif. :  |b Hoover Institution Press,  |c [1989] 
264 4 |c ©1989 
300 |a xiii, 361 pages ;  |c 24 cm. 
336 |a text  |b txt  |2 rdacontent 
337 |a unmediated  |b n  |2 rdamedia 
338 |a volume  |b nc  |2 rdacarrier 
490 1 |a Hoover Press publication ;  |v 377 
490 1 |a Education and society 
504 |a Bibliography: pages [311]-346. 
500 |a Includes index. 
650 0 |a Civics  |x Study and teaching  |z United States. 
650 0 |a Education  |x Aims and objectives  |z United States. 
650 0 |a Public schools  |z United States  |x Curricula. 
830 0 |a Hoover Press publication ;  |v 377. 
830 0 |a Education and society. 
999 |a MARS 
999 f f |s 1eaab0ca-f268-3cf0-902c-2c91b790769c  |i 39690dab-7099-3ddc-958b-62926d8c2129  |t 0 
952 f f |p normal  |a Texas A&M University  |b College Station  |c Sterling C. Evans Library  |d Evans: Library Stacks  |t 0  |e LB1584 .B84 1989  |h Library of Congress classification  |i unmediated -- volume  |m A14812446243 
998 f f |a LB1584 .B84 1989  |t 0  |l Evans: Library Stacks